000 004250000a22001810004500
003 MACL
005 20150919172734.0
008 150919b xxu||||| |||| 00| 0 eng d
040 _aMACL
_cMACL
041 _aEnglish
082 _a825
100 _aAnisuzzaman
_9387
245 _aCultural Pluralism
260 _bThe Asiatic Society
_c1993
_aCalcutta
350 _a50
650 _aSpeeches
_912166
942 _cBK
_k825
_2ddc
999 _c20966
_d20966